National Tree Safety Group (Record no. 120859)
[ view plain ]
| 000 -LEADER | |
|---|---|
| fixed length control field | 00994cai a22002055a 4500 |
| 001 - CONTROL NUMBER | |
| control field | L149969 |
| 008 - FIXED-LENGTH DATA ELEMENTS--GENERAL INFORMATION | |
| fixed length control field | 100505u xxk g 000 0 eng d |
| 035 ## - SYSTEM CONTROL NUMBER | |
| System control number | (Sirsi) u149969 |
| 041 0# - LANGUAGE CODE | |
| Language code of text/sound track or separate title | eng |
| 110 ## - MAIN ENTRY--CORPORATE NAME | |
| Corporate name or jurisdiction name as entry element | Forestry Commission |
| 9 (RLIN) | 804 |
| 245 00 - TITLE STATEMENT | |
| Title | National Tree Safety Group |
| Medium | [electronic resource] |
| 520 ## - SUMMARY, ETC. | |
| Summary, etc. | Website for the National Tree Safety Group. This group is comprised of a number of organisations including the Arboricultural Association, Ancient Tree Forum, The Tree Council and English Heritage with an interest in tree risk management. This organisation came together in August 2007 to discuss the need for a nationally recognised approach to tree safety management. |
| 590 ## - LOCAL NOTE (RLIN) | |
| Local note | KA |
| 710 ## - ADDED ENTRY--CORPORATE NAME | |
| Corporate name or jurisdiction name as entry element | Arboricultural Association |
| 9 (RLIN) | 1101 |
| 710 ## - ADDED ENTRY--CORPORATE NAME | |
| Corporate name or jurisdiction name as entry element | Ancient Tree Forum |
| 710 ## - ADDED ENTRY--CORPORATE NAME | |
| Corporate name or jurisdiction name as entry element | Tree Council |
| 9 (RLIN) | 333 |
| 710 ## - ADDED ENTRY--CORPORATE NAME | |
| Corporate name or jurisdiction name as entry element | English Heritage |
| 9 (RLIN) | 2714 |
| 856 40 - ELECTRONIC LOCATION AND ACCESS | |
| Uniform Resource Identifier | <a href="https://www.forestry.gov.uk/forestry/INFD-7T6BPP">https://www.forestry.gov.uk/forestry/INFD-7T6BPP</a> |
| Public note | View the website free of charge at http://www.forestry.gov.uk/ |
| 942 ## - ADDED ENTRY ELEMENTS (KOHA) | |
| Suppress in OPAC | 0 |
| Withdrawn status | Lost status | Source of classification or shelving scheme | Damaged status | Not for loan | Home library | Current library | Shelving location | Date acquired | Total Checkouts | Full call number | Barcode | Date last seen | Copy number | Price effective from | Koha item type |
|---|---|---|---|---|---|---|---|---|---|---|---|---|---|---|---|
| Dewey Decimal Classification | Virtual | Virtual | Online | 20/05/2010 | L149969 | 149969-2001 | 06/08/2019 | 1 | 06/08/2019 | Online material |